Detalles MARC
| 000 -LIDER |
| fixed length control field |
02427ngm a22003853 4500 |
| 001 - NÚMERO DE CONTROL |
| Identificador de número de control |
389 |
| 003 - IDENTIFICACDOR DE NÚMERO DE CONTROL |
| control field |
DO-SdBNP |
| 005 - DATE AND TIME OF LATEST TRANSACTION |
| control field |
20251212102748.0 |
| 007 - CAMPOS FIJOS DE DESCRIPCIÓN FÍSICA |
| fixed length control field |
389 |
| 008 - ELEMENTOS DE LONGITUD FIJA |
| fixed length control field |
13826 s2012 sp 150 g || vlmul |
| 016 7# - NO. DE CONTROL DE LA AGENCIA BIB. NACIONAL |
| Record control number |
|
| Source |
BPMSU |
| 017 ## - NÚMERO DE REGISTRO DE DERECHOS DE AUTOR |
| Copyright or legal deposit number |
|
| Assigning agency |
|
| 020 ## - ISBN |
| International Standard Book Number |
8408469711 (obra completa) |
| 035 ## - NÚMERO LOCAL |
| System control number |
|
| 040 ## - FUENTE DE CATALOGACIÓN |
| Agencia que crea de manera original el registro |
BPMSU |
| Idioma de catalogación |
spa |
| Agencia que realiza la transcripción |
BPMSU |
| Convenciones de la despripción |
|
| 082 ## - NÚMERO DE CLASIFICACIÓN DECIMAL DE DEWEY |
| Classification number |
709 |
| Item number |
H673a |
| 245 10 - MENCIÓN DE TITULO |
| Título |
ARS Magna : |
| Número de la parte o sección de una obra |
|
| Subtítulo |
historia del arte universal : |
| Mención de responsabilidad |
Javier Fortea Pérez ... [et al.]. |
| Nombre de la parte o sección de una obra |
|
| 246 13 - VARIACION DEL TÍTULO |
| Título propiamente dicho o título corto |
Historia del arte universal: Ars Magna. |
| 246 13 - VARIACION DEL TÍTULO |
| Título propiamente dicho o título corto |
Historia del arte universal |
| 246 13 - VARIACION DEL TÍTULO |
| Título propiamente dicho o título corto |
Título en el lomo : AM historia del arte universal |
| 260 0# - PUBLICACIÓN, DISTRIBUCIÓN, ETC. (PIE DE IMPRENTA) |
| Lugar de publicación, distribución, etc |
Barcelona : |
| Nombre del editor, distribuidor, etc. |
Planeta, |
| Fecha de publicación, distribución, etc |
2011 |
| 300 ## - DESCRIPCIÓN FÍSICA |
| Extensión |
10 v. : |
| Otros detalles físicos |
il. ; |
| Dimensiones |
31 cm. |
| 504 ## - NOTA DE BIBLIOGRAFÍA, ETC. |
| Bibliography, etc |
Incluye referencias bibliografícas e índice. |
| 505 0# - NOTA DE CONTENIDO |
| Texto normalizado de contenido |
v. 1. El alba de la ilusión : el arte de la prehistoria y de las primeras civilizaciones / Javier Fortea Pérez, María José López Grande, Bernat Martí Oliver -- v. 2. El esplendor del ritual : el arte en América precolombina, África y Oceanía / Miguel Rivera Dorado, Alberto Costa Romero de Tejada -- v. 3. Meditar la naturaleza : el arte en India y Asia oriental / Isabel Cervera -- v. 4. El descubrimiento del orden clásico : el arte en Grecia y Roma / Manuel Bendala Galán -- El arte paleocristiano / Carmen Sánchez Fernández -- v. 5. La disputa de la Imágenes : el primer arte medieval cristiano / Germán Ramallo Asensio -- El arte islámico / Pedro Segado Bravo y Carmen Martínez Salvador -- v. 6. El despertar de Europa : el arte del Románico y del Gótico / Joan Sureda -- v. 7. La búsqueda de lo real : el arte en el Renacimiento, 1400-1527 / Joan Sureda -- v. 8. El espectáculo de las formas : el arte manierista, barroco y rococó, 1527-1780 / Joan Ramon Triadó -- v. 9. La conquista de la libertad : el arte occidental entre 1780 y 1900 / Isabel Valverde, ... [et al.] -- v. 10. El triunfo de la creación : el arte del siglo XX / Anna Maria Guasch ... [et al.]. |
| 650 #7 - ENCABEZAMIENTO DE MATERIA--TEMÁTICO |
| Término temático o nombre geográfico como elemento de entrada |
Arte |
| Subdivisión temática general |
Historia |
| Subdivisión de forma |
Enciclopedias. |
| Subdivisión cronológica |
|
| Fuente del encabezamiento o término |
|
| 655 #7 - INDEX TERM--GENRE/FORM |
| Genre/form data or focus term |
Documentales |
| Source of term |
tgfbne |
| 700 12 - ASIENTO SECUNDARIO -- NOMBRE PERSONAL |
| Término de relación |
Briñardeli Luna, Juan Carlos. |
| 700 12 - ASIENTO SECUNDARIO -- NOMBRE PERSONAL |
| Nombre personal |
Sureda, Joan. |
| 700 12 - ASIENTO SECUNDARIO -- NOMBRE PERSONAL |
| Nombre personal |
Navascués Palacio, Pedro |
| 740 32 - ASIENTO SECUNDARIO DE TÍTULOS RELACIONADOS O ANALÍTICOS NO CONTROLADOS |
| Título analítico o relacionado no controlado |
El arte en los albores del siglo XXI |
| 910 ## - VALIDACIÓN |
| Validación |
Validado. Control de calidad MFF |
| 942 ## - ADDED ENTRY ELEMENTS (KOHA) |
| Source of classification or shelving scheme |
Dewey Decimal Classification |
| Koha item type |
Libros |
| 945 ## - INFORMACIÓN DE PROCESAMIENTO LOCAL |
| Información de procesamiento local |
Inventariado, 2017/MFF |
| 956 ## - LOCAL ELECTRONIC LOCATION AND ACCESS (OCLC) |
| Nombre de host |
VMATEO |
| Número de acceso |
10 |
| Información de compresión |
20160621 |
| Trayectoria |
BPMSU |
| Nombre Electrónico |
00069 |